'D' Countries Quiz Stats

 Plays Quiz Updated Nov 6, 2018

     
Support Sporcle.
Go Orange.
Score 0/5 Timer 00:30
27 Plays Today
Country % Correct
Denmark
95.4%
Djibouti
71.3%
Dominica
58%
Dominican Republic
53.1%
Democratic Republic of the Congo
45%

From the Vault

Remove Ads.
Support Sporcle.
Get the best of Sporcle when you Go Orange. This ad-free experience offers more features, more stats, and more fun while also helping to support Sporcle. Thank you for becoming a member.

Show Comments

Extras

Top Quizzes Today


Score Distribution

Your Account Isn't Verified!

In order to create a playlist on Sporcle, you need to verify the email address you used during registration. Go to your Sporcle Settings to finish the process.

Report this User

Report this user for behavior that violates our Community Guidelines.

Details: